000 00962 a2200217 4500
001 31874
005 20260407155621.0
008 260407a1969 arg spa d
003 AR-UNSa-BCEJYS
040 _aAR-UNSa-BCEJYS
_bspa
_cAR-UNSa-BCEJYS
080 _a323.37
_xFuncionarios (burocracia)
245 1 0 _aEl fenómeno burocrático 1
_pensayo sobre las tendencias burocráticas de los sistemas de organización modernos y sus relaciones con el sistema social y cultural
250 _a2a. ed.
264 1 _aBuenos Aires :
_bAmorrortu Editores
_c1969
300 _a2 v.
_c20 cm.
505 _aVol.I: I. EL caso de la agence comptable de París - II: El caso del monopolio industrial - Vol. II: III: El feómeno burocrático desde el punto de vista de la teoría de la organización - IV: el fenómeno burocrático como fenómeno cultural francés.
041 _aspa
942 _cBK
590 _aniveau_biblio:m niveau_hierar:0
100 1 _aCrozier, Michel
999 _c2223
_d2223